000 00696cab a2200229 4500
001 WB3211-30
008 090401t1996 xxu||||| |||| 00| 0 eng d
035 _a(Sirsi) u50809
041 _aeng
245 _aHomes breakthrough
260 _c1996
350 _a0
490 _aWestern Morning News
_v7 March 1996, 4(1)
520 _aTwo Westcountry housing associations are the first to negotiate large-scale takeovers of MoD properties to be used as low-cost homes.
650 _aDEFENCE PROPERTY
650 _aDEVON AND CORNWALL HOUSING ASSOCIATION
650 _aPLYMOUTH
650 _aWILLIAM SUTTON TRUST
690 _aBlock management
_96220
942 _n0
948 _c04/03/1997
999 _c31715
_d31715